000 01264cam a2200313 a 4500
999 _c330346
_d330346
001 4946924
003 NUST
005 20170621122103.0
008 961204s1997 dcuab b 001 0 eng
010 _a 96052362
020 _a0841233802 (cloth : alk. paper)
040 _aDLC
_cDLC
_dDLC
050 0 0 _aRA1226
_b.Z35 1997
082 0 0 _a615.902 ZAK
_221
100 1 _aZakrzewski, Sigmund F.,
_d1919-
_93032
245 1 0 _aPrinciples of environmental toxicology /
_cSigmund F. Zakrzewski.
250 _a2nd ed.
260 _aWashington, DC :
_bAmerican Chemical Society,
_cc1997.
300 _axiv, 320 p. :
_bill., map ;
_c24 cm.
440 0 _aACS monograph ;
_v190
_93033
500 _aH.B
504 _aIncludes bibliographical references and index.
650 0 _aEnvironmental toxicology.
_92452
856 4 2 _3Publisher description
_uhttp://www.loc.gov/catdir/enhancements/fy0636/96052362-d.html
856 4 1 _3Table of contents only
_uhttp://www.loc.gov/catdir/enhancements/fy0636/96052362-t.html
906 _a7
_bcbc
_corignew
_d1
_eocip
_f19
_gy-gencatlg
942 _2ddc
_cBK
_kIESE